Mémoires de la Classe des beaux-arts. (Record no. 1829)
[ view plain ]
| 000 -LEADER | |
|---|---|
| fixed length control field | 01509cas a2200373 a 4500 |
| 001 - CONTROL NUMBER | |
| control field | data |
| 008 - FIXED-LENGTH DATA ELEMENTS--GENERAL INFORMATION | |
| fixed length control field | data |
| 005 - DATE AND TIME OF LATEST TRANSACTION | |
| control field | 20260322212120.0 |
| 010 ## - LIBRARY OF CONGRESS CONTROL NUMBER | |
| LC control number | 93647867 |
| Canceled/invalid LC control number | sn 88012322 |
| 035 ## - SYSTEM CONTROL NUMBER | |
| System control number | (OCoLC)13173688 |
| 040 ## - CATALOGING SOURCE | |
| Original cataloging agency | NDD |
| Language of cataloging | eng |
| Transcribing agency | NDD |
| Modifying agency | OCLCL |
| -- | HUL |
| -- | NYG |
| -- | DLC |
| -- | SYS |
| -- | OCLCQ |
| -- | OCLCF |
| -- | OCLCO |
| -- | OCLCQ |
| -- | OCLCL |
| 042 ## - AUTHENTICATION CODE | |
| Authentication code | pcc |
| 050 00 - LIBRARY OF CONGRESS CALL NUMBER | |
| Classification number | AS242 |
| Item number | .B3415 |
| 082 04 - DEWEY DECIMAL CLASSIFICATION NUMBER | |
| Classification number | 706 |
| Item number | qA169b |
| Real World Object URI | https://id.oclc.org/worldcat/ddc/E3dXjGxrrXqmgvq6wJrjj37dtF |
| 245 00 - TITLE STATEMENT | |
| Title | Mémoires de la Classe des beaux-arts. |
| Name of part/section of a work | Collection in-4o. |
| 246 30 - VARYING FORM OF TITLE | |
| Title proper/short title | Collection in-4o |
| 260 ## - PUBLICATION, DISTRIBUTION, ETC. | |
| Place of publication, distribution, etc. | Bruxelles : |
| Name of publisher, distributor, etc. | Palais des Académies, |
| Date of publication, distribution, etc. | 1974- |
| 300 ## - PHYSICAL DESCRIPTION | |
| Extent | volumes : |
| Other physical details | illustrations ; |
| Dimensions | 29 cm |
| 336 ## - CONTENT TYPE | |
| Content type term | text |
| Content type code | txt |
| Source | rdacontent |
| 337 ## - MEDIA TYPE | |
| Media type term | unmediated |
| Media type code | n |
| Source | rdamedia |
| 338 ## - CARRIER TYPE | |
| Carrier type term | volume |
| Carrier type code | nc |
| Source | rdacarrier |
| 362 0# - DATES OF PUBLICATION AND/OR SEQUENTIAL DESIGNATION | |
| Dates of publication and/or sequential designation | 2. sér., t. 14, fasc. 1- |
| 588 ## - SOURCE OF DESCRIPTION NOTE | |
| Source of description note | Latest issue consulted: 2. sér., t. 15, fasc. 2, published in 1991. |
| 650 #0 - SUBJECT ADDED ENTRY--TOPICAL TERM | |
| Topical term or geographic name entry element | Arts. |
| 650 #7 - SUBJECT ADDED ENTRY--TOPICAL TERM | |
| Topical term or geographic name entry element | Arts. |
| Source of heading or term | fast |
| Authority record control number or standard number | (OCoLC)fst00817721 |
| 710 2# - ADDED ENTRY--CORPORATE NAME | |
| Corporate name or jurisdiction name as entry element | Académie royale des sciences, des lettres et des beaux-arts de Belgique. |
| Subordinate unit | Classe des beaux-arts. |
| 780 00 - PRECEDING ENTRY | |
| Title | Mémoires. Collection in-4o |
| Record control number | (OCoLC)1775002 |
| -- | (OCoLC)1775002 |
| 785 00 - SUCCEEDING ENTRY | |
| Title | Publication de la Classe des beaux-arts. Collection in-4o |
| International Standard Serial Number | 0775-3276 |
| Record control number | (OCoLC)41223166 |
| -- | (OCoLC)41223166 |
| 906 ## - LOCAL DATA ELEMENT F, LDF (RLIN) | |
| a | 7 |
| b | cbc |
| c | serials |
| d | u |
| e | ncip |
| f | 19 |
| g | n-oclcserc |
| 991 ## - | |
| -- | c-GenColl |
| -- | AS242 |
| -- | .B3415 |
| -- | SERIALS |
| Withdrawn status | Lost status | Damaged status | Not for loan | Home library | Current library | Shelving location | Date acquired | Total checkouts | Full call number | Barcode | Date last seen | Price effective from | Koha item type |
|---|---|---|---|---|---|---|---|---|---|---|---|---|---|
| Franklin | Franklin | General stacks | 22/03/2026 | 706 | LOC-FRL-00065 | 22/03/2026 | 22/03/2026 | Books |